000 00790 a2200205 4500
999 _c4455
_d4455
010 _aENG-86313
020 _a8172148917
_c225.00
035 _aEN-69846
037 _bDBAD / PUB
082 1 4 _a363.61
245 1 _aWaters of life and death :
_bethical and theological responses to contempoary water crises /
_ced. by Sam Peedikayil Mathew [and] Chandran Paul Martin
260 _aDelhi
_bIndian Society for Promoting Christian Knowledge
_c2005
300 _axviii, 280 p.
_c23 cm. (Pbk)
520 _aContributed research papers presented at various seminars.
650 0 _aWater
_xReligious aspects
_xChristianity
650 0 _aWater conservation
_zIndia
700 1 _aMartin, Chandran Paul
700 1 _aMathew, Sam Peedikayil
942 _adpl
_cEN
_2ddc
_h363.61
_mWAT